你好,我是接體員 / (Record no. 6928)
[ view plain ]
| 000 -記錄標示(系統產生) | |
|---|---|
| fixed length control field | 00581cam a2200217 i 4500 |
| 020 ## - ISBN | |
| ISBN | 9789864061419 |
| 價格 | NT320 |
| 100 1# - 主要款目 | |
| 第一作者姓名 | 大師兄 |
| 245 10 - 書籍基本資料 | |
| 書名 | 你好,我是接體員 / |
| 作者名稱 | 大師兄著 |
| 250 ## - 書籍版本資料 | |
| 書籍版本 | 初版 |
| 260 ## - 書籍出版資料 | |
| 出版地 | 臺北市 : |
| 出版者 | 寶瓶文化 , |
| 出版年 | 2018.12. |
| 300 ## - 外觀規格(長、寬、高) | |
| 數量(面數, 冊數或其他) | 252面 : |
| 插圖及其他 | 圖 ; |
| 高廣尺寸 | 21公分 |
| 490 1# - 套書系列資料 | |
| 套書名稱 | Vision ; |
| 冊次號 | 169. |
| 942 ## - 其他項目(KOHA) | |
| 分類法來源 | 中文圖書分類法 |
| 館藏類型設定 | 一般圖書 |
| 撤銷狀態 | 遺失狀態 | 分類號來源 | 損壞狀態 | 不外借 | 永久館藏地 | 現在館藏地 | 書架位置 | 採購日期 | 所有借閱數 | Total Renewals | 完整索書號 | 條碼號 | 最後一次日期記錄 | 最後借出日期 | 一般價格有效日期 | Koha館藏類型 | 公開資訊 |
|---|---|---|---|---|---|---|---|---|---|---|---|---|---|---|---|---|---|
| 未註銷館藏 | 未遺失 | 中文圖書分類法 | 未損毀 | 可外借 | 怡仁綜合醫院圖書館 | 怡仁綜合醫院圖書館 | 2019-04-18 | 25 | 6 | 489.6607 | C02525 | 2024-02-19 | 2024-01-22 | 2019-04-18 | 一般圖書 | 你好,我是殯儀館的接體員。 我們這裡冰了很多都是比較窮苦的人,或是無名屍跟有名無主的。許多人都以為在殯儀館工作會遇到很多靈異事件,老實說並不多,倒是因為常常接觸屍體,看多了死亡面前所展露的人性,讓我對「人類」這種生物,有了不一樣的思考。 |